| 000 | 01222nam a2200229Ia 4500 | ||
|---|---|---|---|
| 003 | Ost | ||
| 005 | 20260507075728.0 | ||
| 008 | 260507s9999||||xx |||||||||||||| ||und|| | ||
| 040 | _cfsecg | ||
| 041 | _aara | ||
| 082 | _a332.17 | ||
| 100 |
_aالمصري، عباس مصطفى _eمؤلف |
||
| 245 | 0 |
_aعقد الحساب الجاري الضوابط القانونية والشبهات الشرعية في الفقه الاسلامي والقانون الوضعي / _c عباس مصطفى المصري |
|
| 260 |
_aالاسكندرية: _bدار الجامعة الجديدة, _c2004 |
||
| 300 |
_a176 صفحة؛ _c24 سم |
||
| 490 | _aالمكتبة القانونية | ||
| 504 | _aبيبليوغرافيا :ص. 166 | ||
| 520 | _aماهية عملية الحساب الجاري ، الضوابط القانونية الحاكمة لحركة الحساب الجاري ، الاثار القانونية الناشئة ، ضوابط انتهاء عملية الحساب الجاري ، مدى اتساق أحكام الحساب الجاري مع الشريعة الاسلامية | ||
| 653 | _aالبنوك-الحسابات المصرفية | ||
| 653 | _aالبنوك-فقه اسلامي | ||
| 942 | _cكتاب | ||
| 999 |
_c46006 _d46006 |
||